00332nam a22001097a 450000500170000002000180001708200140003510000180004924500850006726000510015230000190020320260625150952.0 a9781009372190 a306 BUZ/M aBuzan, Barry  aMaking global society: ba study of humankind across three era/cby Barry Buzan a. - U Kb: Cambridge University Press c, 2023 axxvi+491 pages